| 000 | 00882nam a22002417a 4500 | ||
|---|---|---|---|
| 005 | 20210325181616.0 | ||
| 008 | s2545 th tha d | ||
| 020 | _a9726902733 | ||
| 041 | _atha | ||
| 050 | _aHT1581 ค521ส 2545 | ||
| 100 | 0 | _aคึกฤทธิ์ ปราโมช, ม.ร.ว. | |
| 245 | 1 | 0 | _aสงครามผิว [2nd] |
| 260 | 3 |
_aกรุงเทพฯ : _bดอกหญ้า 2000, _c2545 |
|
| 300 |
_a314 หน้า ; _b 21 ซม. |
||
| 650 | 0 | 4 | _aคนผิวดำ -- สหรัฐอเมริกา |
| 650 | 0 | 4 | _aคนผิวดำ -- แอฟริกา |
| 650 | 0 | 4 | _aปัญหาเชื้อชาติ |
| 650 | 0 | 4 | _aแอฟริกา -- ปัญหาเชื้อชาติ |
| 850 | _aNALT | ||
| 942 |
_cGB _01 |
||
| 997 | _c000000000012311 | ||
| 998 | _aBENJALUCK SUTTHIWILAI | ||
| 999 |
_c12311 _d12311 |
||